000 00694nam a2200193Ii 4500
003 JO-AjNU
008 230605s9999||||xx |||||||||||||| ||und||
040 _aJO-AjNU
_bara
_erda
_cJO-AjNU
041 _aara
050 1 4 _aLB2805.S45 1977
100 3 _aالشوبكي، علي,
_eauthor
_934954
245 0 0 _aالمدرسة والتربية وإدارة الصفوف
264 3 1 _aبيروت:دار مكتبة الحياة،1977
300 _a167ص
336 _atext
_btxt
_2rdacontent
337 _aunmediated
_bn
_2rdamedia
338 _avolume
_bnc
_2rdacarrier
650 4 _aالإدارة التعليمية. المدارس-إدارة . الفصول الدراسية-إدارة
_934955
999 _aA14383
_c17951
_d17951